00351nam a22000857a 4500008004100000082001900041245013200060260006300192300001000255230605b xxu||||| |||| 00| 0 eng d a328.0683bCPST aHuman Resources Management and Administration in the LegislativebA Manual of the Center for Parliamentary Studies and Training aKenyabCenter for Parliamentary Studies and Trainingc2015 a442 p